| Tag |
First Indicator |
Second Indicator |
Subfields |
| LEADER |
00000cam a2200000 4500 |
| 001 |
in00000067723 |
| 005 |
20151008050813.0 |
| 008 |
751126s1929 nyu 00000 eng |
| 010 |
|
|
|a 29006426
|
| 035 |
|
|
|a (OCoLC)01855509
|
| 035 |
|
|
|9 AAG3471AM
|
| 040 |
|
|
|a DLC
|c NED
|d TXA
|d UtOrBLW
|
| 049 |
|
|
|a TXAM
|c [133040]
|
| 050 |
|
0 |
|a HD2777
|b .N45
|
| 092 |
|
|
|a 338.85
|b N277m
|
| 110 |
2 |
|
|a National Industrial Conference Board.
|
| 245 |
1 |
0 |
|a Mergers and the law.
|
| 264 |
|
1 |
|a New York :
|b National industrial conference board, inc.,
|c 1929.
|
| 300 |
|
|
|a x, 153 pages ;
|c 24 cm.
|
| 336 |
|
|
|a text
|b txt
|2 rdacontent
|
| 337 |
|
|
|a unmediated
|b n
|2 rdamedia
|
| 338 |
|
|
|a volume
|b nc
|2 rdacarrier
|
| 650 |
|
0 |
|a Antitrust law
|z United States.
|
| 650 |
|
0 |
|a Sherman antitrust law, 1890.
|
| 999 |
|
|
|a MARS
|
| 999 |
f |
f |
|s 1730b6ed-0fad-3fdc-85c6-71ffc77e3f7f
|i 9265681d-1f75-31e1-ae66-1f251dc72df4
|t 0
|
| 952 |
f |
f |
|p ric
|a Texas A&M University
|b Rellis Campus
|c Joint Library Facility
|s JLF
|d Remote Storage
|t 0
|e HD2777 .N45
|h Library of Congress classification
|i unmediated -- volume
|m A14800771195
|
| 998 |
f |
f |
|a HD2777 .N45
|t 0
|l Remote Storage
|